000
00269nam a2200097Ia 4500
008
240331s9999 xx 000 0 und d
082
_b
THA
100
_a
Thalayasingam,P
245
0
_a
Does inequality matter? :
_b
exploring the link between poverty and inequality
942
_c
L
999
_c
4416
_d
4416